000 00383 a2200169 4500
001 183974
020 _a978-85-262-8312-1
040 _cMagnum
100 _aDumas, Alexandre
240 1 0 _aO conde de monte Cristo
_lpor
245 1 0 _aO conde de monte Cristo
300 _a144
362 0 _a2014
440 1 _aScipione
697 _aLITERATURA JUVENIL ESTRANGEIRA
942 _cBK
999 _c183974
_d183974